| 000 | 00453nam a2200133Ia 4500 | ||
|---|---|---|---|
| 008 | 220216s9999 xx 000 0 und d | ||
| 100 | _aNigam V | ||
| 245 | 0 | _aRubber toughened epoxy systems: Characterization through sophisticated analytical techniques | |
| 260 | _bProceedings of the International Conference on Rubbers Calcutta, December 12-14, 1997. V1. p57-60 | ||
| 700 | _aMathur G N | ||
| 700 | _aSaraf M N | ||
| 700 | _aSetua D K | ||
| 942 | _cJS | ||
| 999 |
_c68075 _d68075 |
||